Về nguyên tắc tranh tụng trong tố tụng hình sự (Sách chuyên khảo)
Nghiên cứu lý luận và thực tiễn nguyên tắc tranh tụng trong xây dựng và áp dụng pháp luật tố tụng hình sự (TTHS) ở nước ta hiện nay. Trên cơ sở đó đề xuất định hướng, giải pháp xây dựng và thể chế hoá nguyên tắc tranh tụng trong pháp...
Spremljeno u:
| Glavni autor: | |
|---|---|
| Format: | Knjiga |
| Jezik: | Undetermined |
| Izdano: |
Hà Nội
Chính trị Quốc gia - Sự thật
2011
|
| Teme: | |
| Oznake: |
Dodaj oznaku
Bez oznaka, Budi prvi tko označuje ovaj zapis!
|
| Thư viện lưu trữ: | Trung tâm Học liệu Trường Đại học Cần Thơ |
|---|
| LEADER | 01107nam a2200229Ia 4500 | ||
|---|---|---|---|
| 001 | CTU_177163 | ||
| 008 | 210402s9999 xx 000 0 und d | ||
| 020 | |c 38000 | ||
| 082 | |a 345.597 | ||
| 082 | |b H305 | ||
| 100 | |a Nguyễn, Văn Hiển | ||
| 245 | 0 | |a Về nguyên tắc tranh tụng trong tố tụng hình sự | |
| 245 | 0 | |b (Sách chuyên khảo) | |
| 245 | 0 | |c Nguyễn Văn Hiển | |
| 260 | |a Hà Nội | ||
| 260 | |b Chính trị Quốc gia - Sự thật | ||
| 260 | |c 2011 | ||
| 520 | |a Nghiên cứu lý luận và thực tiễn nguyên tắc tranh tụng trong xây dựng và áp dụng pháp luật tố tụng hình sự (TTHS) ở nước ta hiện nay. Trên cơ sở đó đề xuất định hướng, giải pháp xây dựng và thể chế hoá nguyên tắc tranh tụng trong pháp luật TTHS Việt Nam | ||
| 650 | |a Criminal law,Luật hình sự | ||
| 650 | |z Việt Nam,Việt Nam | ||
| 910 | |a Nguyên | ||
| 980 | |a Trung tâm Học liệu Trường Đại học Cần Thơ | ||